000 00251 a2200097 4500
001 15157
100 _aMyrdal G
245 _aAslan drama an inquiry into the poverty of nations (Vol- III)
260 _aEngland
_bPenguin book
_c
090 _c11901
_d11901
942 _aNUST-CAE
_cM
_c2116
999 _c250230
_d250230